[Event "Young Masters 5th"]
[Site "Loures"]
[Date "1998.11.09"]
[Round "7"]
[White "Peixoto, Antonio"]
[Black "Hernandez Onna, Roman"]
[Result "1/2-1/2"]
[WhiteElo "2185"]
[BlackElo "2440"]
[PlyCount "102"]
[EventDate "1998.11.09"]
[EventType "tourn"]
[EventRounds "11"]
[EventCountry "POR"]
[EventCategory "2"]
[SourceTitle "CBM 067 ext"]
[Source "ChessBase"]
[SourceDate "1999.01.01"]
[SourceVersion "1"]
[SourceVersionDate "1999.01.01"]
[SourceQuality "1"]

1. f4 Nf6 2. Nf3 g6 3. e3 Bg7 4. Be2 c5 5. O-O O-O 6. d3 Nc6 7. e4 d6 8. a4 Bg4
9. c3 Rc8 10. Nbd2 a6 11. Qe1 b5 12. axb5 axb5 13. Bd1 e6 14. Qg3 Bxf3 15. Nxf3
d5 16. e5 Nd7 17. Qh3 Qe7 18. Ng5 h6 19. Nf3 Ra8 20. Rxa8 Rxa8 21. g4 Ra1 22.
Bc2 d4 23. Bb3 dxc3 24. bxc3 b4 25. d4 bxc3 26. f5 Nxd4 27. f6 Nxf6 28. exf6
Qxf6 29. Nxd4 Qxd4+ 30. Kh1 c4 31. Bc2 Rxc1 32. Rxc1 Qd2 33. Qf1 Be5 34. Qg1
Bxh2 35. Qe1 Qf4 36. Ra1 Bg3 37. Qxc3 e5 38. Rg1 Bf2 39. Rf1 e4 40. Ra1 Kh7 41.
Qh3 e3 42. Bd1 Qd4 43. Rc1 Qd2 44. Qf3 Kg7 45. Rc2 Qe1+ 46. Kg2 Qg1+ 47. Kh3
Qf1+ 48. Kh2 Bg1+ 49. Kh1 Bf2+ 50. Kh2 Bg1+ 51. Kh1 Bf2+ 1/2-1/2

[Event "Young Masters 5th"]
[Site "Loures"]
[Date "1998.11.10"]
[Round "8"]
[White "Hernandez Onna, Roman"]
[Black "Guerra, Vitor Manuel Vestia"]
[Result "1-0"]
[WhiteElo "2440"]
[BlackElo "2195"]
[PlyCount "53"]
[EventDate "1998.11.09"]
[EventType "tourn"]
[EventRounds "11"]
[EventCountry "POR"]
[EventCategory "2"]
[SourceTitle "CBM 067 ext"]
[Source "ChessBase"]
[SourceDate "1999.01.01"]
[SourceVersion "1"]
[SourceVersionDate "1999.01.01"]
[SourceQuality "1"]

1. d4 d5 2. Nf3 Nf6 3. c4 c6 4. e3 e6 5. Nbd2 Be7 6. Bd3 Nbd7 7. O-O O-O 8. b3
b6 9. Bb2 Bb7 10. Qe2 c5 11. Rad1 Rc8 12. Ne5 cxd4 13. exd4 Qc7 14. f4 Rfd8 15.
Kh1 Qb8 16. f5 Qd6 17. Rde1 Nf8 18. fxe6 fxe6 19. Ndf3 Ne8 20. Ng5 Bxg5 21. Qh5
Qe7 22. Rxf8+ Kxf8 23. Ba3 Nd6 24. Rf1+ Bf6 25. Qxh7 Qe8 26. Rxf6+ gxf6 27.
Qh8+ 1-0

[Event "Young Masters 5th"]
[Site "Loures"]
[Date "1998.11.12"]
[Round "10"]
[White "Hernandez Onna, Roman"]
[Black "Pinho, Paulo Miguel"]
[Result "1/2-1/2"]
[WhiteElo "2440"]
[BlackElo "2150"]
[PlyCount "22"]
[EventDate "1998.11.09"]
[EventType "tourn"]
[EventRounds "11"]
[EventCountry "POR"]
[EventCategory "2"]
[SourceTitle "CBM 067 ext"]
[Source "ChessBase"]
[SourceDate "1999.01.01"]
[SourceVersion "1"]
[SourceVersionDate "1999.01.01"]
[SourceQuality "1"]

1. c4 g6 2. d4 f5 3. Nc3 Nf6 4. Nf3 Bg7 5. g3 O-O 6. Bg2 d6 7. O-O Nc6 8. b3 e5
9. dxe5 dxe5 10. Ba3 Re8 11. Qxd8 Rxd8 1/2-1/2

[Event "Young Masters 5th"]
[Site "Loures"]
[Date "1998.11.13"]
[Round "11"]
[White "Paramos Dominguez, Roberto"]
[Black "Hernandez Onna, Roman"]
[Result "1/2-1/2"]
[WhiteElo "2435"]
[BlackElo "2440"]
[PlyCount "133"]
[EventDate "1998.11.09"]
[EventType "tourn"]
[EventRounds "11"]
[EventCountry "POR"]
[EventCategory "2"]
[SourceTitle "CBM 067 ext"]
[Source "ChessBase"]
[SourceDate "1999.01.01"]
[SourceVersion "1"]
[SourceVersionDate "1999.01.01"]
[SourceQuality "1"]

1. e4 c5 2. Nf3 Nc6 3. d4 cxd4 4. Nxd4 g6 5. Nc3 Bg7 6. Be3 Nf6 7. Bc4 O-O 8.
Bb3 d6 9. f3 Bd7 10. Qd2 Nxd4 11. Bxd4 b5 12. h4 a5 13. h5 a4 14. Bd5 e5 15.
Be3 b4 16. Ne2 Nxd5 17. exd5 Rc8 18. Bh6 Bxh6 19. Qxh6 Qe7 20. Rc1 g5 21. O-O
Bb5 22. Rf2 Bxe2 23. Rxe2 f6 24. Kh2 Qa7 25. g3 Qd4 26. Rf1 Qxb2 27. Rff2 Rce8
28. f4 exf4 29. gxf4 Qd4 30. fxg5 Rxe2 31. Rxe2 Qf4+ 32. Kg1 Qc1+ 33. Kh2 Qf4+
34. Kg1 fxg5 35. Rg2 Qd4+ 36. Kh2 Qe5+ 37. Kg1 Rf5 38. Qe6+ Qxe6 39. dxe6 Kg7
40. Rg4 Re5 41. Rxb4 Kh6 42. Rxa4 Kxh5 43. Ra7 Kg6 44. e7 Kf6 45. e8=Q Rxe8 46.
Rxh7 Ra8 47. Rh6+ Ke7 48. Rg6 Rxa2 49. Rxg5 Rxc2 50. Kf1 Ke6 51. Ke1 Rh2 52.
Kd1 d5 53. Rg3 Ke5 54. Ra3 Ke4 55. Rb3 Kd4 56. Ra3 Rb2 57. Rh3 Kc4 58. Rg3 d4
59. Rh3 Rb1+ 60. Kd2 Rg1 61. Rf3 Rg2+ 62. Kd1 d3 63. Rf8 Rg4 64. Kd2 Rg2+ 65.
Kd1 Rg1+ 66. Kd2 Rg2+ 67. Kd1 1/2-1/2

[Event "CUB-ch"]
[Site "Santa Clara"]
[Date "1999.??.??"]
[Round "?"]
[White "Bruzon Batista, Lazaro"]
[Black "Hernandez Onna, Roman"]
[Result "1-0"]
[WhiteElo "2488"]
[BlackElo "2419"]
[PlyCount "49"]
[EventDate "1999.??.??"]
[EventType "tourn"]
[EventRounds "15"]
[EventCountry "CUB"]
[EventCategory "8"]
[SourceTitle "EXT 2003"]
[Source "ChessBase"]
[SourceDate "2002.11.25"]

1. e4 e5 2. Nf3 Nc6 3. Bb5 a6 4. Ba4 Nf6 5. O-O Be7 6. Re1 b5 7. Bb3 d6 8. c3
O-O 9. a4 Bg4 10. h3 Bh5 11. d3 Na5 12. Bc2 b4 13. Nbd2 Rb8 14. g4 Bg6 15. Nf1
d5 16. Nxe5 b3 17. Bb1 dxe4 18. Nxg6 fxg6 19. Qe2 Bd6 20. dxe4 Nd7 21. Be3 Ne5
22. f4 Nec4 23. e5 Nxe3 24. Nxe3 Be7 25. Be4 1-0

[Event "CUB-ch"]
[Site "Santa Clara"]
[Date "1999.??.??"]
[Round "?"]
[White "Gonzalez, Renier"]
[Black "Hernandez Onna, Roman"]
[Result "1/2-1/2"]
[WhiteElo "2408"]
[BlackElo "2419"]
[PlyCount "22"]
[EventDate "1999.??.??"]
[EventType "tourn"]
[EventRounds "15"]
[EventCountry "CUB"]
[EventCategory "8"]
[SourceTitle "EXT 2003"]
[Source "ChessBase"]
[SourceDate "2002.11.25"]

1. e4 c6 2. d4 d5 3. Nc3 dxe4 4. Nxe4 Bf5 5. Ng3 Bg6 6. h4 h6 7. Nf3 Nd7 8. h5
Bh7 9. Bd3 Bxd3 10. Qxd3 Qc7 11. Bd2 Ngf6 1/2-1/2

[Event "CUB-ch"]
[Site "Santa Clara"]
[Date "1999.??.??"]
[Round "?"]
[White "Hernandez Onna, Roman"]
[Black "Abreu Delgado, Aryam"]
[Result "1/2-1/2"]
[WhiteElo "2419"]
[BlackElo "2410"]
[PlyCount "32"]
[EventDate "1999.??.??"]
[EventType "tourn"]
[EventRounds "15"]
[EventCountry "CUB"]
[EventCategory "8"]
[SourceTitle "EXT 2003"]
[Source "ChessBase"]
[SourceDate "2002.11.25"]

1. c4 Nf6 2. Nf3 c6 3. Nc3 d5 4. cxd5 cxd5 5. d4 Nc6 6. Bf4 Bf5 7. e3 e6 8. Bd3
Bxd3 9. Qxd3 Be7 10. O-O O-O 11. Rfc1 Nd7 12. a3 Nb6 13. b3 Bd6 14. Ng5 g6 15.
Bxd6 Qxd6 16. Nf3 Rfc8 1/2-1/2

[Event "CUB-ch"]
[Site "Santa Clara"]
[Date "1999.??.??"]
[Round "?"]
[White "Hernandez Onna, Roman"]
[Black "Almeida Quintana, Omar"]
[Result "1/2-1/2"]
[WhiteElo "2419"]
[BlackElo "2344"]
[PlyCount "65"]
[EventDate "1999.??.??"]
[EventType "tourn"]
[EventRounds "15"]
[EventCountry "CUB"]
[EventCategory "8"]
[SourceTitle "EXT 2003"]
[Source "ChessBase"]
[SourceDate "2002.11.25"]

1. d4 Nf6 2. c4 g6 3. Nc3 Bg7 4. e4 d6 5. f3 O-O 6. Be3 e5 7. d5 Nh5 8. Qd2 f5
9. O-O-O f4 10. Bf2 Bf6 11. Nge2 Bh4 12. Bg1 Nd7 13. Kb1 Be7 14. Nc1 g5 15. Bd3
Ndf6 16. b4 g4 17. c5 Rf7 18. Nb5 a6 19. Na3 Rg7 20. Nc4 gxf3 21. gxf3 Bh3 22.
cxd6 Bxd6 23. Bf1 Qd7 24. Nd3 Bxf1 25. Rxf1 Re8 26. Bc5 Qe7 27. Ncxe5 Qf8 28.
Nc4 Nxe4 29. fxe4 Rxe4 30. Qc2 b5 31. Nd2 Re2 32. Qd1 Qe8 33. Nc1 1/2-1/2

[Event "CUB-ch"]
[Site "Santa Clara"]
[Date "1999.??.??"]
[Round "?"]
[White "Hernandez Onna, Roman"]
[Black "Becerra Rivero, Julio"]
[Result "1/2-1/2"]
[WhiteElo "2419"]
[BlackElo "2535"]
[PlyCount "21"]
[EventDate "1999.??.??"]
[EventType "tourn"]
[EventRounds "15"]
[EventCountry "CUB"]
[EventCategory "8"]
[SourceTitle "EXT 2003"]
[Source "ChessBase"]
[SourceDate "2002.11.25"]

1. d4 Nf6 2. Nf3 g6 3. c4 Bg7 4. Nc3 O-O 5. e4 d6 6. Be2 e5 7. O-O Na6 8. Be3
Ng4 9. Bg5 Qe8 10. dxe5 dxe5 11. h3 1/2-1/2

[Event "CUB-ch"]
[Site "Santa Clara"]
[Date "1999.??.??"]
[Round "?"]
[White "Hernandez Onna, Roman"]
[Black "Dominguez Perez, Leinier"]
[Result "1/2-1/2"]
[WhiteElo "2419"]
[BlackElo "2479"]
[PlyCount "45"]
[EventDate "1999.??.??"]
[EventType "tourn"]
[EventRounds "15"]
[EventCountry "CUB"]
[EventCategory "8"]
[SourceTitle "EXT 2003"]
[Source "ChessBase"]
[SourceDate "2002.11.25"]

1. d4 d5 2. Nf3 Nf6 3. e3 e6 4. c4 c6 5. Nbd2 Nbd7 6. Bd3 Bd6 7. O-O O-O 8. b3
e5 9. cxd5 cxd5 10. dxe5 Nxe5 11. Be2 Bg4 12. Bb2 Nc6 13. a3 a6 14. b4 Bc7 15.
Nd4 Qd6 16. g3 Bh3 17. Re1 Rfe8 18. Bf1 Bxf1 19. Rxf1 Ne5 20. N4f3 Nc4 21. Bd4
Ne4 22. Nxe4 dxe4 23. Nd2 1/2-1/2

[Event "CUB-ch"]
[Site "Santa Clara"]
[Date "1999.??.??"]
[Round "?"]
[White "Hernandez Onna, Roman"]
[Black "Pecorelli Garcia, Humberto"]
[Result "1/2-1/2"]
[WhiteElo "2419"]
[BlackElo "2430"]
[PlyCount "22"]
[EventDate "1999.??.??"]
[EventType "tourn"]
[EventRounds "15"]
[EventCountry "CUB"]
[EventCategory "8"]
[SourceTitle "EXT 2003"]
[Source "ChessBase"]
[SourceDate "2002.11.25"]

1. d4 Nf6 2. Nf3 e6 3. c4 d5 4. Nc3 Be7 5. Bg5 O-O 6. e3 h6 7. Bh4 b6 8. Bd3
Bb7 9. O-O Nbd7 10. Rc1 dxc4 11. Bxc4 a6 1/2-1/2

[Event "CUB-ch"]
[Site "Santa Clara"]
[Date "1999.??.??"]
[Round "?"]
[White "Herrera, Irisberto"]
[Black "Hernandez Onna, Roman"]
[Result "1/2-1/2"]
[WhiteElo "2450"]
[BlackElo "2419"]
[PlyCount "43"]
[EventDate "1999.??.??"]
[EventType "tourn"]
[EventRounds "15"]
[EventCountry "CUB"]
[EventCategory "8"]
[SourceTitle "EXT 2003"]
[Source "ChessBase"]
[SourceDate "2002.11.25"]

1. e4 e5 2. Nf3 Nc6 3. Bb5 a6 4. Ba4 Nf6 5. O-O Be7 6. Re1 b5 7. Bb3 d6 8. c3
O-O 9. h3 Na5 10. Bc2 c5 11. d4 Nc6 12. d5 Na5 13. Nbd2 g6 14. Nf1 Nh5 15. Bh6
Re8 16. b3 Bf6 17. N1h2 Nf4 18. Qd2 Bg7 19. Bg5 Bf6 20. Bh6 Bg7 21. Bg5 Bf6 22.
Bh6 1/2-1/2

[Event "Mondariz-A"]
[Site "Mondariz"]
[Date "1999.??.??"]
[Round "1"]
[White "Lopez Martinez, Josep Manuel"]
[Black "Hernandez Onna, Roman"]
[Result "1/2-1/2"]
[WhiteElo "2375"]
[BlackElo "2425"]
[PlyCount "87"]
[EventDate "1999.??.??"]
[EventType "tourn"]
[EventRounds "9"]
[EventCountry "ESP"]
[EventCategory "4"]
[SourceTitle "EXT 2000"]
[Source "ChessBase"]
[SourceDate "1999.11.16"]

1. Nf3 c5 2. g3 g6 3. Bg2 Bg7 4. O-O Nc6 5. c4 d6 6. Nc3 Bd7 7. e3 Qc8 8. d4
Bh3 9. b3 h5 10. Nd5 Bxg2 11. Kxg2 h4 12. Bb2 Nf6 13. Nxf6+ Bxf6 14. Rb1 Qf5
15. d5 Ne5 16. Nxe5 Bxe5 17. Bxe5 dxe5 18. Qe2 e4 19. g4 Qe5 20. f4 exf3+ 21.
Qxf3 h3+ 22. Kh1 f6 23. Qf4 Qxf4 24. exf4 Rh4 25. Rg1 Kf7 26. Rbe1 f5 27. gxf5
gxf5 28. Rg5 Rxf4 29. Rh5 Rg8 30. Rxh3 Rg7 31. Rhe3 Kf8 32. Rh3 Rf2 33. a4 Kf7
34. Rhe3 Kf8 35. Rh3 Kf7 36. a5 Kf6 37. a6 bxa6 38. Rh6+ Kg5 39. Rh8 Kf4 40.
Rh4+ Kf3 41. Rh3+ Kf4 42. Rh4+ Kf3 43. Rh3+ Kf4 44. Rh4+ 1/2-1/2

[Event "Mondariz-A"]
[Site "Mondariz"]
[Date "1999.??.??"]
[Round "5"]
[White "Alonso Martinez, Tomas"]
[Black "Hernandez Onna, Roman"]
[Result "1/2-1/2"]
[WhiteElo "2220"]
[BlackElo "2425"]
[PlyCount "98"]
[EventDate "1999.??.??"]
[EventType "tourn"]
[EventRounds "9"]
[EventCountry "ESP"]
[EventCategory "4"]
[SourceTitle "EXT 2000"]
[Source "ChessBase"]
[SourceDate "1999.11.16"]

1. e4 c5 2. Nf3 Nc6 3. c3 d5 4. exd5 Qxd5 5. d4 e6 6. Bd3 Nf6 7. O-O cxd4 8.
cxd4 Be7 9. Nc3 Qd8 10. Qe2 O-O 11. Rd1 Nb4 12. Bb1 b6 13. a3 Ba6 14. Qe5 Nbd5
15. Bg5 Rc8 16. Ne4 Qc7 17. h3 Rfd8 18. Nxf6+ Nxf6 19. Ba2 h6 20. Bh4 Bb7 21.
Qe2 Qc2 22. Rd2 Bxf3 23. Rxc2 Bxe2 24. Rxe2 Rxd4 25. Rxe6 fxe6 26. Bxe6+ Kf8
27. Bxf6 Bxf6 28. Bxc8 Rd2 29. Bg4 Bxb2 30. Ra2 Ke7 31. Kf1 Bc3 32. Rxd2 Bxd2
33. Ke2 Bc1 34. a4 Kd6 35. Kd3 Bb2 36. Bh5 Kc5 37. Be8 a6 38. Kc2 Bd4 39. f4
Be3 40. g3 Bf2 41. g4 Kd4 42. g5 hxg5 43. fxg5 Bh4 44. g6 Kc4 45. Bd7 Kb4 46.
Be8 Bf6 47. Bd7 Bh4 48. Be8 Bf6 49. Bd7 Bh4 1/2-1/2

[Event "Mondariz-A"]
[Site "Mondariz"]
[Date "1999.??.??"]
[Round "6"]
[White "Hernandez Onna, Roman"]
[Black "Baron Rodriguez, Jesus"]
[Result "1/2-1/2"]
[WhiteElo "2425"]
[BlackElo "2405"]
[PlyCount "27"]
[EventDate "1999.??.??"]
[EventType "tourn"]
[EventRounds "9"]
[EventCountry "ESP"]
[EventCategory "4"]
[SourceTitle "EXT 2000"]
[Source "ChessBase"]
[SourceDate "1999.11.16"]

1. c4 e6 2. Nf3 d5 3. d4 dxc4 4. Qa4+ Nd7 5. g3 a6 6. Nc3 Ngf6 7. Bg2 Rb8 8.
Qxc4 b5 9. Qd3 Bb7 10. O-O Be7 11. Bf4 Rc8 12. Rad1 O-O 13. Qb1 c5 14. dxc5
1/2-1/2

[Event "Mondariz-A"]
[Site "Mondariz"]
[Date "1999.??.??"]
[Round "7"]
[White "Gomez Lopez, Roberto"]
[Black "Hernandez Onna, Roman"]
[Result "1/2-1/2"]
[WhiteElo "2215"]
[BlackElo "2425"]
[PlyCount "90"]
[EventDate "1999.??.??"]
[EventType "tourn"]
[EventRounds "9"]
[EventCountry "ESP"]
[EventCategory "4"]
[SourceTitle "EXT 2000"]
[Source "ChessBase"]
[SourceDate "1999.11.16"]

1. e4 c5 2. Nf3 Nc6 3. d4 cxd4 4. Nxd4 g6 5. c4 Bg7 6. Be3 Nf6 7. Nc3 O-O 8.
Be2 d6 9. O-O Bd7 10. Rc1 a5 11. f3 Nxd4 12. Bxd4 Bc6 13. Nd5 Bxd5 14. cxd5 Nd7
15. f4 Rc8 16. Bxg7 Kxg7 17. Qd4+ Kg8 18. Bg4 Rxc1 19. Rxc1 Nc5 20. e5 Qb6 21.
f5 Qb4 22. Qxb4 axb4 23. f6 exf6 24. exd6 b6 25. Rc4 Rd8 26. Rxb4 Rxd6 27. Bf3
Kf8 28. Rc4 Ke7 29. b4 Nd3 30. Kf1 Ne5 31. Rc7+ Kd8 32. Rb7 Kc8 33. Ra7 Kb8 34.
Re7 Nxf3 35. gxf3 Rxd5 36. Rxf7 Rd2 37. Rxf6 Rxh2 38. Rxb6+ Ka7 39. Re6 Rxa2
40. Re7+ Kb6 41. Rxh7 Rb2 42. Rh6 Rxb4 43. Rxg6+ Kc7 44. Re6 Rb2 45. Re4 Kd7
1/2-1/2

[Event "Mondariz-A"]
[Site "Mondariz"]
[Date "1999.??.??"]
[Round "8"]
[White "Reinaldo Castineira, Roi"]
[Black "Hernandez Onna, Roman"]
[Result "1/2-1/2"]
[WhiteElo "2325"]
[BlackElo "2425"]
[PlyCount "89"]
[EventDate "1999.??.??"]
[EventType "tourn"]
[EventRounds "9"]
[EventCountry "ESP"]
[EventCategory "4"]
[SourceTitle "EXT 2000"]
[Source "ChessBase"]
[SourceDate "1999.11.16"]

1. e4 c5 2. Nf3 Nc6 3. c3 Nf6 4. e5 Nd5 5. d4 cxd4 6. Bc4 Nb6 7. Bb3 d5 8. exd6
Qxd6 9. Na3 Be6 10. Nb5 Qd7 11. O-O Bxb3 12. Qxb3 e6 13. Nbxd4 Nxd4 14. Nxd4
Bc5 15. Rd1 O-O 16. Bf4 Nd5 17. Bg3 Bxd4 18. Rxd4 b5 19. a4 a6 20. Rdd1 Qc6 21.
h3 h6 22. Ra3 Nb6 23. axb5 axb5 24. Rda1 Rxa3 25. Rxa3 Nc4 26. Ra1 f5 27. f3
Rf6 28. Qa2 Kh7 29. b3 Ne3 30. Re1 Qxc3 31. Qf2 f4 32. Bxf4 Nxg2 33. Bd2 Qxf3
34. Qxf3 Rxf3 35. Kxg2 Rxb3 36. Rxe6 Rd3 37. Bb4 Rd5 38. Rc6 g5 39. Rc5 Rxc5
40. Bxc5 Kg6 41. Kg3 Kf5 42. Bf8 h5 43. Bb4 Ke4 44. Bd2 g4 45. hxg4 1/2-1/2

[Event "Mislata op 8th"]
[Site "Valencia"]
[Date "1999.??.??"]
[Round "3"]
[White "Hernandez Onna, Roman"]
[Black "Basto Auzmendi, Mario"]
[Result "1-0"]
[WhiteElo "2425"]
[BlackElo "2107"]
[PlyCount "53"]
[EventDate "1999.01.??"]
[EventType "swiss"]
[EventRounds "9"]
[EventCountry "ESP"]
[SourceTitle "EXT 2000"]
[Source "ChessBase"]
[SourceDate "1999.11.16"]

1. d4 Nf6 2. c4 g6 3. Nc3 Bg7 4. e4 d6 5. f3 O-O 6. Be3 Nbd7 7. Bd3 c5 8. Nge2
cxd4 9. Nxd4 Ne5 10. Be2 Bd7 11. O-O Rc8 12. b3 a6 13. Qd2 Qc7 14. Rac1 Rfd8
15. Nd5 Nxd5 16. cxd5 Qb8 17. f4 Rxc1 18. Rxc1 Ng4 19. Bxg4 Bxg4 20. f5 gxf5
21. exf5 Rc8 22. h3 Bxd4 23. Bxd4 Bxf5 24. Re1 Qc7 25. Qg5+ Bg6 26. h4 h5 27.
Qh6 1-0

[Event "Mislata op 8th"]
[Site "Valencia"]
[Date "1999.??.??"]
[Round "4"]
[White "Solis Flores, Francisco Jose"]
[Black "Hernandez Onna, Roman"]
[Result "0-1"]
[WhiteElo "2155"]
[BlackElo "2425"]
[PlyCount "73"]
[EventDate "1999.01.??"]
[EventType "swiss"]
[EventRounds "9"]
[EventCountry "ESP"]
[SourceTitle "EXT 2000"]
[Source "ChessBase"]
[SourceDate "1999.11.16"]

1. d4 Nf6 2. Nf3 e6 3. Bf4 d5 4. e3 Bd6 5. Nbd2 Bxf4 6. exf4 c5 7. Bb5+ Bd7 8.
Qe2 cxd4 9. Nxd4 O-O 10. Bd3 Qc7 11. Qe5 Qb6 12. O-O Qxb2 13. N2f3 Qc3 14. Qg5
Nc6 15. Ne2 Qc5 16. Ng3 Nb4 17. Be2 Nc6 18. Bd3 Ne7 19. Rac1 Ng6 20. Nh5 Qc3
21. Ne5 Nxh5 22. Qxh5 Be8 23. Rb1 Qd4 24. g3 Bc6 25. Rfd1 Qc5 26. Rb3 Rae8 27.
g4 d4 28. Nxc6 Qxc6 29. g5 Rd8 30. Re1 f5 31. gxf6 Rxf6 32. Be4 Qc7 33. Bxb7
Nxf4 34. Qe5 Qxc2 35. Be4 Nh3+ 36. Kh1 Nxf2+ 37. Kg1 0-1

[Event "Mislata op 8th"]
[Site "Valencia"]
[Date "1999.??.??"]
[Round "5"]
[White "Hernandez Onna, Roman"]
[Black "Martinez Tormo, Jorge"]
[Result "1/2-1/2"]
[WhiteElo "2425"]
[BlackElo "2169"]
[PlyCount "40"]
[EventDate "1999.01.??"]
[EventType "swiss"]
[EventRounds "9"]
[EventCountry "ESP"]
[SourceTitle "EXT 2000"]
[Source "ChessBase"]
[SourceDate "1999.11.16"]

1. d4 d5 2. Nf3 e6 3. c4 c6 4. Nbd2 f5 5. g3 Nf6 6. Bg2 Be7 7. O-O O-O 8. b3 b6
9. Bb2 Bb7 10. Ne5 Nbd7 11. Nd3 Qe8 12. Rc1 Rc8 13. e3 a5 14. Qe2 Bd6 15. Nf3
Ne4 16. Rc2 Qh5 17. Nf4 Qf7 18. Nd3 Qh5 19. Nf4 Qf7 20. Nd3 Qh5 1/2-1/2

[Event "Mislata op 8th"]
[Site "Valencia"]
[Date "1999.??.??"]
[Round "8"]
[White "Hernandez Onna, Roman"]
[Black "Korneev, Oleg"]
[Result "0-1"]
[WhiteElo "2425"]
[BlackElo "2615"]
[PlyCount "44"]
[EventDate "1999.01.??"]
[EventType "swiss"]
[EventRounds "9"]
[EventCountry "ESP"]
[SourceTitle "EXT 2000"]
[Source "ChessBase"]
[SourceDate "1999.11.16"]

1. d4 d5 2. Nf3 Nf6 3. c4 e6 4. e3 Be7 5. Bd3 O-O 6. b3 c5 7. O-O Nc6 8. Bb2
cxd4 9. exd4 b6 10. Nbd2 Bb7 11. Qe2 Rc8 12. Rad1 Qd6 13. Nb1 Qf4 14. a3 Rfd8
15. Rfe1 g6 16. Qf1 Qh6 17. c5 a5 18. b4 axb4 19. axb4 Nxb4 20. Bb5 Nc6 21.
cxb6 Ba8 22. Rc1 Qg7 0-1

[Event "Mislata op 8th"]
[Site "Valencia"]
[Date "1999.??.??"]
[Round "9"]
[White "Valero Perez, Francisco Javier"]
[Black "Hernandez Onna, Roman"]
[Result "0-1"]
[WhiteElo "2237"]
[BlackElo "2425"]
[PlyCount "84"]
[EventDate "1999.01.??"]
[EventType "swiss"]
[EventRounds "9"]
[EventCountry "ESP"]
[SourceTitle "EXT 2000"]
[Source "ChessBase"]
[SourceDate "1999.11.16"]

1. d4 Nf6 2. Nf3 g6 3. h3 Bg7 4. Bf4 O-O 5. e3 c5 6. c3 b6 7. Be2 Bb7 8. O-O d6
9. Nbd2 Nc6 10. e4 Nh5 11. Be3 e5 12. d5 Ne7 13. Nh2 Nf4 14. Bxf4 exf4 15. Bf3
b5 16. Re1 a5 17. Qc2 Nc8 18. Rab1 Nb6 19. Be2 b4 20. a4 Bc8 21. c4 Bd7 22. b3
Bc3 23. Bd3 Qe7 24. Nhf3 Rae8 25. Re2 f6 26. Rd1 g5 27. Nh2 Qg7 28. Nb1 Be5 29.
Ng4 h5 30. Nxe5 fxe5 31. f3 g4 32. Kh1 Rf6 33. Rg1 Rg6 34. Ree1 Kf7 35. Qf2 Rg8
36. Qf1 Qf6 37. Qf2 g3 38. Qc2 Bxh3 39. gxh3 g2+ 40. Rxg2 Rxg2 41. Qxg2 Rxg2
42. Kxg2 Qh4 0-1

[Event "Capablanca Memorial Premier I 34th"]
[Site "Havana"]
[Date "1999.05.07"]
[Round "1"]
[White "Abreu Delgado, Aryam"]
[Black "Hernandez Onna, Roman"]
[Result "0-1"]
[WhiteElo "2410"]
[BlackElo "2419"]
[PlyCount "92"]
[EventDate "1999.05.??"]
[EventType "tourn"]
[EventRounds "13"]
[EventCountry "CUB"]
[EventCategory "8"]
[SourceTitle "CBM 070 ext"]
[Source "ChessBase"]
[SourceDate "1999.07.10"]
[SourceVersion "1"]
[SourceVersionDate "1999.07.10"]
[SourceQuality "1"]

1. e4 c5 2. Nf3 Nc6 3. d4 cxd4 4. Nxd4 g6 5. c4 Bg7 6. Be3 Nf6 7. Nc3 Ng4 8.
Qxg4 Nxd4 9. Qd1 Ne6 10. Rc1 d6 11. b4 O-O 12. Bd3 b6 13. O-O Bb7 14. Qd2 Re8
15. f4 Nf8 16. Qf2 Nd7 17. Rfd1 a5 18. a3 axb4 19. axb4 Ra3 20. Nd5 e6 21. Nxb6
Nf6 22. Qf3 Rxd3 23. Rxd3 Bxe4 24. Qd1 Bxd3 25. Qxd3 Ng4 26. Rd1 Nxe3 27. Qxe3
Qc7 28. h3 h5 29. c5 dxc5 30. bxc5 Rd8 31. Rxd8+ Qxd8 32. Kh2 Bd4 33. Qa3 Qc7
34. Qa8+ Kh7 35. Qe4 Qxc5 36. Nd7 Bg1+ 37. Kh1 Qc1 38. g4 Ba7+ 39. Kg2 Qg1+ 40.
Kf3 Qh1+ 41. Kg3 Qg1+ 42. Kh4 hxg4 43. Nf6+ Kg7 44. Qe5 Bd4 45. Nh5+ Kh7 46.
Qc7 Kh6 0-1

[Event "Capablanca Memorial Premier I 34th"]
[Site "Havana"]
[Date "1999.05.10"]
[Round "4"]
[White "Hernandez Onna, Roman"]
[Black "Szekely, Peter"]
[Result "1/2-1/2"]
[WhiteElo "2419"]
[BlackElo "2444"]
[PlyCount "24"]
[EventDate "1999.05.??"]
[EventType "tourn"]
[EventRounds "13"]
[EventCountry "CUB"]
[EventCategory "8"]
[SourceTitle "CBM 070 ext"]
[Source "ChessBase"]
[SourceDate "1999.07.10"]
[SourceVersion "1"]
[SourceVersionDate "1999.07.10"]
[SourceQuality "1"]

1. g3 c5 2. c4 g6 3. Bg2 Bg7 4. Nc3 Nc6 5. d3 e6 6. e4 Nge7 7. Nge2 d6 8. O-O
O-O 9. Be3 Nd4 10. Qd2 Nec6 11. Kh1 Bd7 12. f4 Qa5 1/2-1/2

[Event "Guillermo Garcia Memorial-B 07th"]
[Site "Santa Clara"]
[Date "1999.05.24"]
[Round "1"]
[White "Perez Garcia, Rodney Oscar"]
[Black "Hernandez Onna, Roman"]
[Result "1/2-1/2"]
[WhiteElo "2406"]
[BlackElo "2419"]
[PlyCount "26"]
[EventDate "1999.05.??"]
[EventType "tourn"]
[EventRounds "13"]
[EventCountry "CUB"]
[EventCategory "7"]
[SourceTitle "CBM 070 ext"]
[Source "ChessBase"]
[SourceDate "1999.07.10"]
[SourceVersion "1"]
[SourceVersionDate "1999.07.10"]
[SourceQuality "1"]

1. e4 d6 2. d4 Nf6 3. Nc3 g6 4. Be3 Bg7 5. h3 O-O 6. Nf3 c6 7. Qd2 Nbd7 8. Bd3
e5 9. O-O d5 10. dxe5 Nxe4 11. Nxe4 dxe4 12. Bxe4 Nxe5 13. Qxd8 Rxd8 1/2-1/2

[Event "Guillermo Garcia Memorial-B 07th"]
[Site "Santa Clara"]
[Date "1999.05.25"]
[Round "2"]
[White "Oms Pallisse, Josep"]
[Black "Hernandez Onna, Roman"]
[Result "1/2-1/2"]
[WhiteElo "2444"]
[BlackElo "2419"]
[PlyCount "53"]
[EventDate "1999.05.??"]
[EventType "tourn"]
[EventRounds "13"]
[EventCountry "CUB"]
[EventCategory "7"]
[SourceTitle "CBM 070 ext"]
[Source "ChessBase"]
[SourceDate "1999.07.10"]
[SourceVersion "1"]
[SourceVersionDate "1999.07.10"]
[SourceQuality "1"]

1. Nf3 c5 2. c4 Nc6 3. Nc3 Nf6 4. g3 g6 5. Bg2 Bg7 6. d4 cxd4 7. Nxd4 O-O 8.
O-O Nxd4 9. Qxd4 d6 10. Qd3 Qa5 11. h3 Be6 12. Bd2 Qa6 13. b3 Rfd8 14. Rad1 d5
15. Bg5 d4 16. Nb5 Rd7 17. Nxd4 Rad8 18. Nxe6 Rxd3 19. Nxd8 Rxd1 20. Rxd1 h6
21. Be3 Qxa2 22. Nxb7 Qxb3 23. Rd8+ Kh7 24. c5 Nh5 25. Rd3 Qb1+ 26. Kh2 Be5 27.
Rd5 1/2-1/2